<?xml version="1.0" encoding="UTF-8"?>
<record
    xmlns:xsi="http://www.w3.org/2001/XMLSchema-instance"
    xsi:schemaLocation="http://www.loc.gov/MARC21/slim http://www.loc.gov/standards/marcxml/schema/MARC21slim.xsd"
    xmlns="http://www.loc.gov/MARC21/slim">

  <leader>04179cam a2200385 a 4500</leader>
  <controlfield tag="001">16649165</controlfield>
  <controlfield tag="003">OSt</controlfield>
  <controlfield tag="005">20210414114205.0</controlfield>
  <controlfield tag="008">110211s2011    enk      b    001 0 eng  </controlfield>
  <datafield tag="010" ind1=" " ind2=" ">
    <subfield code="a">  2011006795</subfield>
  </datafield>
  <datafield tag="020" ind1=" " ind2=" ">
    <subfield code="a">9780521199438 (hbk.)</subfield>
  </datafield>
  <datafield tag="020" ind1=" " ind2=" ">
    <subfield code="a">0521199433 (hbk.)</subfield>
  </datafield>
  <datafield tag="020" ind1=" " ind2=" ">
    <subfield code="a">9780521124676 (pbk.)</subfield>
  </datafield>
  <datafield tag="020" ind1=" " ind2=" ">
    <subfield code="a">0521124670 (pbk.)</subfield>
  </datafield>
  <datafield tag="035" ind1=" " ind2=" ">
    <subfield code="a">(OCoLC)ocn702169084</subfield>
  </datafield>
  <datafield tag="040" ind1=" " ind2=" ">
    <subfield code="a">DLC</subfield>
    <subfield code="c">DLC</subfield>
    <subfield code="d">YDX</subfield>
    <subfield code="d">YDXCP</subfield>
    <subfield code="d">BWK</subfield>
    <subfield code="d">CDX</subfield>
    <subfield code="d">DLC</subfield>
  </datafield>
  <datafield tag="042" ind1=" " ind2=" ">
    <subfield code="a">pcc</subfield>
  </datafield>
  <datafield tag="043" ind1=" " ind2=" ">
    <subfield code="a">e-uk---</subfield>
  </datafield>
  <datafield tag="050" ind1="0" ind2="0">
    <subfield code="a">KD1554.A944</subfield>
  </datafield>
  <datafield tag="082" ind1="0" ind2="0">
    <subfield code="a">346.4202</subfield>
    <subfield code="2">22</subfield>
  </datafield>
  <datafield tag="084" ind1=" " ind2=" ">
    <subfield code="a">LAW021000</subfield>
    <subfield code="2">bisacsh</subfield>
  </datafield>
  <datafield tag="100" ind1="1" ind2=" ">
    <subfield code="a">Andrews, Neil</subfield>
    <subfield code="c">(Barrister)</subfield>
  </datafield>
  <datafield tag="245" ind1="1" ind2="0">
    <subfield code="a">Contract law. /</subfield>
    <subfield code="c">Neil  Andrews.</subfield>
  </datafield>
  <datafield tag="260" ind1=" " ind2=" ">
    <subfield code="a">Cambridge ;</subfield>
    <subfield code="a">New York :</subfield>
    <subfield code="b">Cambridge University Press,</subfield>
    <subfield code="c">2011.</subfield>
  </datafield>
  <datafield tag="300" ind1=" " ind2=" ">
    <subfield code="a">xlviii, 748 p. :</subfield>
    <subfield code="c">26 cm.</subfield>
  </datafield>
  <datafield tag="504" ind1=" " ind2=" ">
    <subfield code="a">Includes bibliographical references (p. 697-723) and index.</subfield>
  </datafield>
  <datafield tag="505" ind1=" " ind2=" ">
    <subfield code="a">Contents: Pt. I. Introduction -- Main features of contract law -- Pt. II. Formation -- The per-contractual phase -- Offer and acceptance -- Certainty -- Pt. III. Consideration and intent to create legal relations -- Consideration and estoppel -- Intent to create legal relations -- Pt. IV. Third Parties and assignment -- Third parties -- Assignment -- Pt. V. Vitiating elements -- Misrepresentation -- Mistake --  Duress, undue influence, and unconscionability -- Pt. VI. Terms and Interpretation -- Terms in general -- Implied terms -- Interpretation and rectification of written contracts -- Exclusion clauses -- Pt. VII. Breakdown and liability -- Frustration -- Breach and performance -- Pt. VIII. Remedies for Breach -- Judicial remedies for breach of contract -- Consensual remedies for breach of contract : liquidated damages and deposits -- Pt. IX. Illegality and Public Policy -- Illegality and public policy -- Pt. X. The future -- International and European 'soft law' codes : lessons for English law?</subfield>
  </datafield>
  <datafield tag="520" ind1=" " ind2=" ">
    <subfield code="a">"This textbook takes a fresh approach to contract law; as a first edition it reflects the subject in the 21st century more accurately than other texts. Comprehensive and scholarly, it maps the curriculum perfectly but detailed references and further reading sections encourage students to explore the subject further. Understanding is paramount and chapter introductions clearly guide students through the material. The textbook takes an innovative approach to case law: breaking down and discussing individual elements of a case and selecting short key extracts it gives students the tools to read cases independently and with confidence. An examination of the historical and theoretical foundations of the subject and a concluding chapter tracking emerging fields ensure the broadest possible perspective. Discussion of key recent cases such as Durham Tess Valley Airport (2010) and Chartbrook (2009) make this important new text a must for contract law students"--</subfield>
  </datafield>
  <datafield tag="520" ind1=" " ind2=" ">
    <subfield code="a">"This textbook takes a fresh approach to contract law; as a fi rst edition it refl ects the subject in the 21st century more accurately than other texts. Comprehensive and scholarly, it maps the curriculum perfectly but detailed references and further reading sections encourage students to explore the subject further. Understanding is paramount and chapter introductions clearly guide students through the material. The textbook takes an innovative approach to case law: breaking down and discussing individual elements of a case and selecting short key extracts, it gives students the tools to read cases independently and with confi dence. An examination of the historical and theoretical foundations of the subject and a concluding chapter tracking emerging fi elds ensure the broadest possible perspective. Discussion of key recent cases such as Durham Tees Valley Airport (2010) and Chartbrook (2009) make this important new text a must for contract law students"--</subfield>
  </datafield>
  <datafield tag="650" ind1=" " ind2="0">
    <subfield code="a">Contracts</subfield>
    <subfield code="z">Great Britain.</subfield>
  </datafield>
  <datafield tag="856" ind1="4" ind2="2">
    <subfield code="3">Cover image</subfield>
    <subfield code="u">http://assets.cambridge.org/97805211/99438/cover/9780521199438.jpg</subfield>
  </datafield>
  <datafield tag="906" ind1=" " ind2=" ">
    <subfield code="a">7</subfield>
    <subfield code="b">cbc</subfield>
    <subfield code="c">orignew</subfield>
    <subfield code="d">1</subfield>
    <subfield code="e">ecip</subfield>
    <subfield code="f">20</subfield>
    <subfield code="g">y-gencatlg</subfield>
  </datafield>
  <datafield tag="942" ind1=" " ind2=" ">
    <subfield code="2">lcc</subfield>
    <subfield code="c">BK</subfield>
  </datafield>
  <datafield tag="999" ind1=" " ind2=" ">
    <subfield code="c">2730</subfield>
    <subfield code="d">10230</subfield>
  </datafield>
  <datafield tag="952" ind1=" " ind2=" ">
    <subfield code="0">0</subfield>
    <subfield code="1">0</subfield>
    <subfield code="2">lcc</subfield>
    <subfield code="4">0</subfield>
    <subfield code="7">0</subfield>
    <subfield code="a">WIUC-1</subfield>
    <subfield code="b">WIUC-1</subfield>
    <subfield code="c">LL</subfield>
    <subfield code="d">2014-03-19</subfield>
    <subfield code="l">0</subfield>
    <subfield code="o">KD1554.A944</subfield>
    <subfield code="p">462/13</subfield>
    <subfield code="r">2014-03-19 00:00:00</subfield>
    <subfield code="t">1</subfield>
    <subfield code="w">2014-03-19</subfield>
    <subfield code="y">BK</subfield>
  </datafield>
  <datafield tag="952" ind1=" " ind2=" ">
    <subfield code="0">0</subfield>
    <subfield code="1">0</subfield>
    <subfield code="2">lcc</subfield>
    <subfield code="4">0</subfield>
    <subfield code="7">0</subfield>
    <subfield code="a">WIUC-1</subfield>
    <subfield code="b">WIUC-1</subfield>
    <subfield code="c">LL</subfield>
    <subfield code="d">2014-08-21</subfield>
    <subfield code="l">0</subfield>
    <subfield code="o">KD1554.A9441</subfield>
    <subfield code="p">2331/1328/14</subfield>
    <subfield code="r">2014-08-21 00:00:00</subfield>
    <subfield code="t">2</subfield>
    <subfield code="w">2014-08-21</subfield>
    <subfield code="y">BK</subfield>
  </datafield>
</record>
